000 00508cam a2200145 4500500
005 20260329020408.0
041 _afre
042 _adc
100 1 0 _aBarberis, Pierre
_eauthor
700 1 0 _aBirat, Jean-Pierre
_eauthor
700 1 0 _aChampion, Yannick
_eauthor
245 0 0 _aMatériaux métalliques avancés
260 _bTechniques de l'ingénieur,
_c2025.
856 4 1 _uhttps://stm.cairn.info/techniques-de-l-ingenieur-materiaux-metalliques-avances--42660210?lang=fr&redirect-ssocas=7080
999 _c1905863
_d1905863